[Event "Bled op"]
[Site "Bled"]
[Date "2017.03.12"]
[Round "4"]
[White "Krupenko, Peter"]
[Black "Starc, Enej"]
[Result "0-1"]
[WhiteElo "1649"]
[BlackElo "1889"]
[PlyCount "72"]
[EventDate "2017.03.10"]
[EventType "swiss"]
[EventRounds "5"]
[EventCountry "SLO"]
[SourceTitle "EXT 2019"]
[Source "ChessBase"]
[SourceDate "2018.10.10"]
[SourceVersion "1"]
[SourceVersionDate "2018.10.10"]
[SourceQuality "1"]

1. d4 Nf6 2. c4 e6 3. Nf3 Bb4+ 4. Bd2 Qe7 5. a3 Bxd2+ 6. Nbxd2 d6 7. g4 Nxg4 8. Rg1 e5 9. h3 Nxf2 10. Kxf2 e4 11. Nxe4 Qxe4 12. Rxg7 Bf5 13. Rxf7 Rg8 14. Rf6 Nd7 15. Rh6 Qf4 16. Rh4 Qg3+ 17. Ke3 0-0-0 18. Qe1 Rge8+ 19. Kd2 Qg7 20. Rf4 Bg6 21. Qh4 Nc5 22. Qg4+ Kb8 23. Rd1 Ne6 24. e3 Nxf4 25. Qxf4 Bh5 26. Be2 Rf8 27. Qh4 Bxf3 28. Bxf3 Rde8 29. Bg4 Qf7 30. Be2 Qe6 31. Qg3 Rg8 32. Bg4 Qxc4 33. Rc1 Qb5 34. Qh4 Qxb2+ 35. Rc2 Qxa3 36. Qxh7 Qxe3+ 0-1

[Event "SLO-chT2 West"]
[Site "Slovenia"]
[Date "2015.11.01"]
[Round "4"]
[White "Starc, Enej"]
[Black "Sivcevic, Nusret"]
[Result "1-0"]
[WhiteElo "1881"]
[BlackElo "1836"]
[PlyCount "105"]
[EventDate "2015.10.17"]
[EventType "team-tourn"]
[EventRounds "7"]
[EventCountry "SLO"]
[SourceTitle "EXT 2019"]
[Source "ChessBase"]
[SourceDate "2018.10.10"]
[SourceVersion "1"]
[SourceVersionDate "2018.10.10"]
[SourceQuality "1"]
[WhiteTeam "Ilirska Bistrica Rimex"]
[BlackTeam "Ljubljana SK"]
[WhiteTeamCountry "SLO"]
[BlackTeamCountry "SLO"]

1. d4 e6 2. g3 Nf6 3. c4 d5 4. Bg2 Bb4+ 5. Bd2 Bxd2+ 6. Nxd2 0-0 7. Ngf3 Qe7 8. Qc2 b6 9. cxd5 exd5 10. Rc1 Re8 11. e3 Na6 12. a3 c5 13. 0-0 g6 14. Qa4 Nc7 15. dxc5 bxc5 16. Qa5 Ne6 17. Ne5 Qd6 18. Ndf3 Qb6 19. Qc3 Ne4 20. Qc2 Rb8 21. b4 f6 22. Nc4 dxc4 23. Qxe4 Bb7 24. bxc5 Bxe4 25. cxb6 axb6 26. Rfd1 b5 27. Nd4 Bd3 28. Nxe6 Rxe6 29. Bd5 Kf7 30. Rxd3 cxd3 31. Rc7+ Ke8 32. Bxe6 Rd8 33. Rc8 Rxc8 34. Bxc8 Ke7 35. Kf1 Kd6 36. Ke1 Kd5 37. Kd2 b4 38. axb4 Kc4 39. Be6+ Kxb4 40. h4 Kc5 41. Kxd3 Kd6 42. Bg8 h6 43. f4 Ke7 44. Ke4 Kf8 45. Bc4 Kg7 46. g4 Kf8 47. g5 f5+ 48. Ke5 Kg7 49. Ke6 Kh7 50. Kf6 hxg5 51. hxg5 Kh8 52. Be6 Kh7 53. Bxf5 1-0

[Event "SLO-chT Central Superliga 15th"]
[Site "Slovenia"]
[Date "2014.09.18"]
[Round "2.3"]
[White "Vidic, Teja"]
[Black "Starc, Enej"]
[Result "1/2-1/2"]
[WhiteElo "1985"]
[BlackElo "1855"]
[PlyCount "41"]
[EventDate "2014.09.11"]
[EventType "team-tourn"]
[EventRounds "9"]
[EventCountry "SLO"]
[SourceTitle "EXT 2022"]
[Source "ChessBase"]
[SourceDate "2021.10.06"]
[SourceVersion "1"]
[SourceVersionDate "2021.10.06"]
[SourceQuality "1"]
[WhiteTeam "Komenda Pogi"]
[BlackTeam "Rimex"]
[WhiteTeamCountry "SLO"]
[BlackTeamCountry "SLO"]

1. e4 c6 2. d4 d5 3. Nc3 dxe4 4. Nxe4 Bf5 5. Ng3 Bg6 6. h4 h6 7. Nf3 Nd7 8. h5 Bh7 9. Bd3 Bxd3 10. Qxd3 e6 11. Bf4 Ngf6 12. 0-0-0 Be7 13. Kb1 0-0 14. Ne4 c5 15. Nxf6+ Nxf6 16. Qb3 Qd5 17. Qxd5 Nxd5 18. Bg3 cxd4 19. Nxd4 Rfd8 20. Nb5 Rac8 21. Be5 1/2-1/2

[Event "Mediterranean op 6th"]
[Site "Rijeka"]
[Date "2013.12.03"]
[Round "5"]
[White "Starc, Enej"]
[Black "Nastic, Milorad"]
[Result "1-0"]
[WhiteElo "1817"]
[BlackElo "1952"]
[PlyCount "73"]
[EventDate "2013.11.30"]
[EventType "swiss"]
[EventRounds "9"]
[EventCountry "CRO"]
[SourceTitle "CBM 157 Extra"]
[Source "ChessBase"]
[SourceDate "2013.12.19"]
[SourceVersion "1"]
[SourceVersionDate "2013.12.19"]
[SourceQuality "1"]

1. d4 Nf6 2. Nf3 d5 3. e3 Bg4 4. h3 Bh5 5. g4 Bg6 6. Ne5 Nbd7 7. h4 Nxe5 8. dxe5 Nd7 9. h5 Bxc2 10. Qxc2 Nxe5 11. Be2 e6 12. Bd2 c6 13. Bc3 Qc7 14. Nd2 h6 15. 0-0-0 a5 16. e4 Nd7 17. exd5 exd5 18. Qf5 Nc5 19. Rhe1 Ne6 20. Nf3 0-0-0 21. Nd4 Re8 22. Bd3 Qd7 23. Re2 Bc5 24. Nxe6 fxe6 25. Qg6 Re7 26. Be5 Rf8 27. f4 b5 28. f5 Kb7 29. fxe6 Qxe6 30. Qxe6 Rxe6 31. Bxg7 Rxe2 32. Bxe2 Be3+ 33. Kc2 Rf7 34. Kd3 Bg5 35. Bd4 Rc7 36. Bc5 Bf6 37. b3 1-0

[Event "Mediterranean op 6th"]
[Site "Rijeka"]
[Date "2013.12.01"]
[Round "2"]
[White "Gasparac, Karlo"]
[Black "Starc, Enej"]
[Result "0-1"]
[WhiteElo "1590"]
[BlackElo "1817"]
[PlyCount "72"]
[EventDate "2013.11.30"]
[EventType "swiss"]
[EventRounds "9"]
[EventCountry "CRO"]
[SourceTitle "CBM 157 Extra"]
[Source "ChessBase"]
[SourceDate "2013.12.19"]
[SourceVersion "1"]
[SourceVersionDate "2013.12.19"]
[SourceQuality "1"]

1. e4 e6 2. Nc3 d5 3. Nf3 Nf6 4. e5 Nfd7 5. d4 c5 6. Be3 Nc6 7. Bb5 cxd4 8. Nxd4 Ncxe5 9. Bxd7+ Bxd7 10. 0-0 Be7 11. f4 Nc4 12. Qc1 Nxe3 13. Qxe3 Qb6 14. Rab1 Bf6 15. Nce2 Bb5 16. Qf2 Bxd4 17. Nxd4 Bxf1 18. Kxf1 0-0 19. c3 Rac8 20. Nb3 Qxf2+ 21. Kxf2 Rc4 22. Kf3 b5 23. Re1 Rfc8 24. Nd2 R4c7 25. g4 b4 26. Nb1 bxc3 27. Nxc3 Rb8 28. h4 Rxb2 29. Nxd5 Rd7 30. Rc1 f6 31. Ne3 Rxa2 32. Rc6 Kf7 33. g5 Ra3 34. Ke4 f5+ 35. Kf3 Rdd3 36. Rc7+ Kg6 0-1

[Event "Mediterranean op 6th"]
[Site "Rijeka"]
[Date "2013.12.01"]
[Round "3"]
[White "Starc, Enej"]
[Black "Tomljanovic, Goran"]
[Result "0-1"]
[WhiteElo "1817"]
[BlackElo "2079"]
[PlyCount "58"]
[EventDate "2013.11.30"]
[EventType "swiss"]
[EventRounds "9"]
[EventCountry "CRO"]
[SourceTitle "CBM 157 Extra"]
[Source "ChessBase"]
[SourceDate "2013.12.19"]
[SourceVersion "1"]
[SourceVersionDate "2013.12.19"]
[SourceQuality "1"]

1. d4 Nf6 2. Nf3 g6 3. Bg5 Bg7 4. e3 0-0 5. c4 d6 6. Nc3 h6 7. Bh4 c6 8. Be2 Qc7 9. Qc2 e5 10. 0-0 Ne8 11. Rfd1 g5 12. Bg3 f5 13. dxe5 dxe5 14. h3 Qe7 15. Qd2 Bf6 16. Ne1 Be6 17. Nc2 Qg7 18. Na4 Nd7 19. Qb4 b6 20. c5 b5 21. Bxb5 a5 22. Qa3 cxb5 23. Nb6 Nxb6 24. cxb6 f4 25. Bh2 Be7 26. Qc3 Nd6 27. Rxd6 Bxd6 28. Qc6 Qd7 29. Qe4 Bf5 0-1

[Event "SLO-chT Central Superliga 14th"]
[Site "Slovenia"]
[Date "2013.11.28"]
[Round "9.4"]
[White "Bohorc, Edo"]
[Black "Starc, Enej"]
[Result "1/2-1/2"]
[WhiteElo "2050"]
[BlackElo "1817"]
[PlyCount "48"]
[EventDate "2013.09.19"]
[EventType "team-tourn"]
[EventRounds "9"]
[EventCountry "SLO"]
[SourceTitle "EXT 2022"]
[Source "ChessBase"]
[SourceDate "2021.10.06"]
[SourceVersion "1"]
[SourceVersionDate "2021.10.06"]
[SourceQuality "1"]
[WhiteTeam "Bor Dob"]
[BlackTeam "Srecko Kosovel"]
[WhiteTeamCountry "SLO"]
[BlackTeamCountry "SLO"]

1. e4 e6 2. d4 d5 3. exd5 exd5 4. Bd3 Bd6 5. Nf3 Bg4 6. 0-0 Nc6 7. c3 Nge7 8. Re1 Qd7 9. Bg5 f6 10. Bh4 g5 11. Bg3 Bxg3 12. fxg3 0-0-0 13. b4 Rde8 14. Nbd2 Kb8 15. a4 h5 16. Kf2 h4 17. gxh4 Bxf3 18. Qxf3 Rxh4 19. Kg1 f5 20. b5 Nd8 21. g3 Rhh8 22. Re2 f4 23. Rae1 fxg3 24. hxg3 Nc8 1/2-1/2

[Event "SLO-chT Central Superliga 14th"]
[Site "Slovenia"]
[Date "2013.11.21"]
[Round "8.4"]
[White "Starc, Enej"]
[Black "Juhant, Igor"]
[Result "1-0"]
[WhiteElo "1817"]
[BlackElo "1971"]
[PlyCount "69"]
[EventDate "2013.09.19"]
[EventType "team-tourn"]
[EventRounds "9"]
[EventCountry "SLO"]
[SourceTitle "EXT 2022"]
[Source "ChessBase"]
[SourceDate "2021.10.06"]
[SourceVersion "1"]
[SourceVersionDate "2021.10.06"]
[SourceQuality "1"]
[WhiteTeam "Srecko Kosovel"]
[BlackTeam "Komenda Popotnik"]
[WhiteTeamCountry "SLO"]
[BlackTeamCountry "SLO"]

1. d4 Nf6 2. Nf3 e6 3. e3 d5 4. Bd3 c5 5. Nbd2 Nc6 6. c3 Qb6 7. 0-0 Be7 8. Qe2 0-0 9. dxc5 Qxc5 10. e4 dxe4 11. Nxe4 Nxe4 12. Qxe4 f5 13. Qc4 h6 14. Bf4 Bd7 15. Rfe1 Rae8 16. h4 a6 17. a4 Bc8 18. Re2 Qxc4 19. Bxc4 Kf7 20. Rae1 Bf6 21. Bd6 Rg8 22. h5 g5 23. Nd2 Bd7 24. Nf1 Na5 25. Ba2 b6 26. Ng3 f4 27. Nf5 Rh8 28. Bc7 Nb7 29. Bxb6 Bd8 30. Bd4 Bf6 31. Be5 Bxe5 32. Rxe5 Kf6 33. Nd4 a5 34. Bxe6 Bxa4 35. Rf5+ 1-0

[Event "SLO-chT2 West"]
[Site "Slovenia"]
[Date "2010.11.07"]
[Round "4"]
[White "Starc, Enej"]
[Black "Konvalinka, Kostja"]
[Result "0-1"]
[WhiteElo "1787"]
[BlackElo "1779"]
[PlyCount "170"]
[EventDate "2010.11.05"]
[EventType "team-tourn"]
[EventRounds "9"]
[EventCountry "SLO"]
[SourceTitle "EXT 2022"]
[Source "ChessBase"]
[SourceDate "2021.10.06"]
[SourceVersion "1"]
[SourceVersionDate "2021.10.06"]
[SourceQuality "1"]

1. e4 c5 2. Nf3 d6 3. d4 cxd4 4. Nxd4 Nf6 5. Nc3 g6 6. Be2 Bg7 7. 0-0 0-0 8. Kh1 Nc6 9. f4 Nxe4 10. Nxc6 Nxc3 11. Nxe7+ Qxe7 12. bxc3 Bxc3 13. Rb1 b6 14. Qd3 Bg7 15. Ba3 Rd8 16. Rfe1 Bf5 17. Qb3 Re8 18. Rbd1 Rad8 19. Bb4 Qh4 20. Bc4 Rxe1+ 21. Rxe1 Qxf4 22. Rf1 Qh4 23. Bxf7+ Kh8 24. Bc3 Be5 25. Bxe5+ dxe5 26. Qa3 Qf2 27. Bc4 Qc5 28. Qa4 Rd4 29. Qe8+ Kg7 30. Qf7+ Kh6 31. Rxf5 Rxc4 32. Rf3 Rc3 33. Rxc3 Qxc3 34. h3 Qe1+ 35. Kh2 e4 36. Qf8+ Kg5 37. Qe7+ Kf4 38. Qd6+ Ke3 39. Qa3+ Ke2 40. Qa4 Kf2 41. Qd4+ Qe3 42. Qf6+ Ke1 43. Qa1+ Ke2 44. Qb2 Qf4+ 45. Kg1 Qd2 46. Qb5+ Kd1 47. Qb1+ Qc1 48. Qb3 Qxc2 49. Qd5+ Qd3 50. Qe5 e3 51. Qa1+ Ke2 52. Qb2+ Qd2 53. Qb5+ Kd1 54. Qb3+ Ke1 55. Qb1+ Qd1 56. Qb4+ Ke2+ 57. Kh2 Kf1 58. Qf4+ Ke2 59. Qg4+ Ke1 60. Qh4+ Kd2 61. Qb4+ Ke2 62. Qg4+ Kd2 63. Qb4+ Kc2 64. Qb3+ Kd2 65. Qb4+ Kd3 66. Qb5+ Ke4 67. Qe8+ Kf4 68. Qf7+ Kg5 69. Qe7+ Kf5 70. Qf7+ Kg5 71. Qe7+ Kf4 72. Qf7+ Kg5 73. Qe7+ Kf5 74. Qf7+ Ke4 75. Qe8+ Kd3 76. Qb5+ Kc3 77. Qe5+ Qd4 78. Qc7+ Qc5 79. Qg7+ Kc2 80. Qg8 Qe5+ 81. Kh1 e2 82. Qb3+ Kc1 83. Qa3+ Qb2 84. Qe3+ Kb1 85. Qd3+ Ka1 0-1

[Event "SLO-chT2 West"]
[Site "Postojna"]
[Date "2009.11.08"]
[Round "9.6"]
[White "Vidic, Miha"]
[Black "Starc, Enej"]
[Result "1-0"]
[WhiteElo "1999"]
[BlackElo "1790"]
[PlyCount "81"]
[EventDate "2009.10.23"]
[EventType "team-tourn"]
[EventRounds "9"]
[EventCountry "SLO"]
[SourceTitle "EXT 2010"]
[Source "ChessBase"]
[SourceDate "2010.11.25"]
[SourceVersion "1"]
[SourceVersionDate "2010.11.25"]
[SourceQuality "1"]
[WhiteTeam "Piran"]
[BlackTeam "Sezana"]
[WhiteTeamCountry "SLO"]
[BlackTeamCountry "SLO"]

1. d4 Nf6 2. c4 g6 3. Nc3 Bg7 4. Nf3 0-0 5. g3 d6 6. Bg2 Nc6 7. d5 Na5 8. Nd2 c5 9. 0-0 a6 10. Rb1 Rb8 11. b4 cxb4 12. Rxb4 Bd7 13. Nb3 Qc7 14. Nxa5 Qxa5 15. Qb3 b5 16. cxb5 axb5 17. Bd2 Ra8 18. h3 Qa3 19. Qb1 Rfc8 20. Rb3 Qa6 21. Rc1 Rc5 22. e4 Rc4 23. Bf1 Rc5 24. a4 Qc8 25. axb5 Bxh3 26. Bg2 Bxg2 27. Kxg2 Qb7 28. Be3 Rcc8 29. Bd4 Nd7 30. Ne2 Nc5 31. Rbc3 Bxd4 32. Nxd4 Ra5 33. R1c2 Rca8 34. Qe1 e5 35. dxe6 fxe6 36. Qe2 Qxe4+ 37. Qxe4 Nxe4 38. Rc8+ Kf7 39. b6 Nc5 40. R2xc5 dxc5 41. b7 1-0

[Event "SLO-chT2 West"]
[Site "Postojna"]
[Date "2009.11.06"]
[Round "6.6"]
[White "Starc, Enej"]
[Black "Suhadolnik, Jernej"]
[Result "1-0"]
[WhiteElo "1790"]
[BlackElo "1523"]
[PlyCount "155"]
[EventDate "2009.10.23"]
[EventType "team-tourn"]
[EventRounds "9"]
[EventCountry "SLO"]
[SourceTitle "EXT 2010"]
[Source "ChessBase"]
[SourceDate "2010.11.25"]
[SourceVersion "1"]
[SourceVersionDate "2010.11.25"]
[SourceQuality "1"]
[WhiteTeam "Sezana"]
[BlackTeam "Podpec"]
[WhiteTeamCountry "SLO"]
[BlackTeamCountry "SLO"]

1. d4 d5 2. c4 c6 3. Nf3 e6 4. Nc3 Bb4 5. Qc2 Nf6 6. a3 Bxc3+ 7. Qxc3 0-0 8. Bg5 Ne4 9. Bxd8 Nxc3 10. Bh4 Ne4 11. e3 Nd7 12. Bd3 Nef6 13. b4 Re8 14. Bg3 Ne4 15. Bf4 f6 16. cxd5 exd5 17. 0-0 Nb6 18. Rfc1 h5 19. h4 Bg4 20. a4 Bxf3 21. gxf3 Nd2 22. Rc2 Nxf3+ 23. Kg2 Nxh4+ 24. Kh3 g5 25. Bg3 Nf3 26. Bg6 Re7 27. Kg2 Nxd4 28. exd4 h4 29. Bd6 Re6 30. Bh2 Nc4 31. b5 Kg7 32. Bf5 Re7 33. Bd3 cxb5 34. axb5 a6 35. bxa6 Rxa6 36. Rxa6 bxa6 37. Bxc4 dxc4 38. Rxc4 Rd7 39. Kh3 Kg6 40. f3 Rd5 41. Bc7 f5 42. Be5 Kh5 43. Rc5 Rd7 44. Bf6 Rf7 45. Rxf5 Kg6 46. Kg4 Rxf6 47. Rxg5+ Kf7 48. Rh5 Rd6 49. d5 a5 50. Kf4 Kf6 51. Ke4 a4 52. Rxh4 a3 53. Rh8 a2 54. Ra8 Rb6 55. Rxa2 Rb4+ 56. Ke3 Ke5 57. Rd2 Kd6 58. Rd4 Rb3+ 59. Ke4 Rb1 60. Kf5 Rb8 61. f4 Kc5 62. Rd1 Rf8+ 63. Ke5 Re8+ 64. Kf5 Kd6 65. Kg6 Re2 66. f5 Rg2+ 67. Kf7 Rf2 68. f6 Rh2 69. Kf8 Rf2 70. f7 Rg2 71. Rf1 Kd7 72. Rf6 Rg1 73. Rh6 Rg2 74. Rh8 Rg1 75. Rg8 Rf1 76. Kg7 Rg1+ 77. Kh6 Rh1+ 78. Kg5 1-0

[Event "SLO-chT2 West"]
[Site "Postojna"]
[Date "2009.10.24"]
[Round "2.6"]
[White "Starc, Enej"]
[Black "Cibej, Marjan"]
[Result "1/2-1/2"]
[WhiteElo "1790"]
[BlackElo "1889"]
[PlyCount "121"]
[EventDate "2009.10.23"]
[EventType "team-tourn"]
[EventRounds "9"]
[EventCountry "SLO"]
[SourceTitle "EXT 2010"]
[Source "ChessBase"]
[SourceDate "2010.11.25"]
[SourceVersion "1"]
[SourceVersionDate "2010.11.25"]
[SourceQuality "1"]
[WhiteTeam "Sezana"]
[BlackTeam "Koper"]
[WhiteTeamCountry "SLO"]
[BlackTeamCountry "SLO"]

1. d4 d5 2. c4 Bf5 3. Nc3 e6 4. cxd5 exd5 5. Qb3 Nc6 6. Nf3 Nf6 7. Bg5 Na5 8. Qa4+ c6 9. Bxf6 gxf6 10. e3 a6 11. Nd2 b5 12. Qd1 Nc4 13. Nxc4 bxc4 14. Qf3 Qb6 15. Qxf5 Qxb2 16. Rb1 Qxc3+ 17. Ke2 Bg7 18. h4 0-0 19. Kf3 Qa3 20. Qc2 Rfb8 21. Be2 Rb5 22. g3 Rab8 23. Rhc1 Rb2 24. Rxb2 Rxb2 25. Qd1 Bf8 26. Ra1 Rxa2 27. Rxa2 Qxa2 28. Qc1 Bb4 29. Bd1 Kf8 30. Qc2 Qxc2 31. Bxc2 h6 32. Ba4 c3 33. Ke2 Ke7 34. Kd3 Kd6 35. g4 Kc7 36. e4 dxe4+ 37. Kxe4 Kd6 38. Bb3 c5 39. dxc5+ Bxc5 40. f3 Bf2 41. h5 a5 42. Kd3 Be1 43. Kd4 Bd2 44. Ba4 Ke6 45. Bb3+ Ke7 46. Kd3 f5 47. Kc2 fxg4 48. fxg4 Kf6 49. Kd3 Kg5 50. Bxf7 Kxg4 51. Be8 a4 52. Bxa4 Kxh5 53. Ke2 Kg4 54. Kf2 Kf4 55. Bc2 h5 56. Bd3 Ke5 57. Kg3 Kd4 58. Bc2 Bg5 59. Kf3 Kc4 60. Kg2 Kb4 61. Kh1 1/2-1/2

[Event "SLO-ch qual"]
[Site "Sentjur"]
[Date "2008.07.04"]
[Round "3"]
[White "Florjancic, Rudolf"]
[Black "Starc, Enej"]
[Result "1-0"]
[WhiteElo "2023"]
[BlackElo "1777"]
[PlyCount "123"]
[EventDate "2008.07.03"]
[EventType "swiss"]
[EventRounds "9"]
[EventCountry "SLO"]
[SourceTitle "EXT 2010"]
[Source "ChessBase"]
[SourceDate "2010.11.25"]
[SourceVersion "1"]
[SourceVersionDate "2010.11.25"]
[SourceQuality "1"]

1. e4 d5 2. e5 c5 3. Nf3 e6 4. d4 Nc6 5. c3 Qb6 6. Bd3 cxd4 7. cxd4 Bd7 8. 0-0 Nxd4 9. Nxd4 Qxd4 10. Nc3 a6 11. Re1 Ne7 12. a3 Ng6 13. Bxg6 Qxd1 14. Bxf7+ Kxf7 15. Rxd1 Bc5 16. Rd3 Bc6 17. Be3 Bxe3 18. fxe3 Rac8 19. Rd4 Ke7 20. Rf1 Rhf8 21. Rdf4 Rxf4 22. Rxf4 Be8 23. Kf2 Bg6 24. Ke2 a5 25. Kd2 b5 26. g4 Be8 27. Ne2 Bg6 28. Nd4 b4 29. axb4 axb4 30. Rf1 Be8 31. Ra1 Rc7 32. Ra6 Bd7 33. Rb6 Ra7 34. Rxb4 Ra1 35. h4 Rh1 36. g5 h6 37. gxh6 gxh6 38. Ke2 Rh2+ 39. Kf3 Rh3+ 40. Kf2 Kd8 41. Nf3 Rh1 42. Kg2 Rc1 43. Kg3 Kc7 44. Rf4 Rb1 45. b4 Rb3 46. Nd4 Rxe3+ 47. Nf3 Bb5 48. Kf2 Re2+ 49. Kg1 Re4 50. Rxe4 dxe4 51. Nd4 Bc4 52. Kf2 Kd7 53. Ke3 Bd5 54. Ne2 Bc6 55. Kd4 Bd5 56. Kc5 e3 57. Kd4 Bf3 58. Kxe3 Bg4 59. Nd4 Kc7 60. Kf4 Bh3 61. Kg3 Bf1 62. Kg4 1-0

[Event "SLO-ch U18"]
[Site "Postojna"]
[Date "2008.03.01"]
[Round "9"]
[White "Kranjec, Primoz"]
[Black "Starc, Enej"]
[Result "0-1"]
[WhiteElo "1959"]
[BlackElo "1828"]
[PlyCount "100"]
[EventDate "2008.02.24"]
[EventType "swiss"]
[EventRounds "9"]
[EventCountry "SLO"]
[SourceTitle "EXT 2010"]
[Source "ChessBase"]
[SourceDate "2010.11.25"]
[SourceVersion "1"]
[SourceVersionDate "2010.11.25"]
[SourceQuality "1"]

1. e4 e5 2. Nf3 Nc6 3. Bb5 a6 4. Ba4 Nf6 5. 0-0 Be7 6. c3 d6 7. d3 b5 8. Bc2 0-0 9. h3 Bb7 10. Nbd2 Re8 11. Re1 Bf8 12. Nf1 Na5 13. b3 c5 14. Ng3 d5 15. Bg5 h6 16. Bd2 dxe4 17. dxe4 Nc6 18. Qe2 Qc7 19. Be3 Bc8 20. Rad1 Be6 21. Nh2 c4 22. b4 a5 23. a3 axb4 24. axb4 Ra2 25. Rb1 Rea8 26. Ng4 Nxg4 27. hxg4 R8a3 28. Qd2 Bxg4 29. f3 Be6 30. Ne2 Ra8 31. Kf2 Ne7 32. Rh1 Ng6 33. g4 f6 34. Rh2 Ra1 35. Rhh1 Rxb1 36. Bxb1 Kf7 37. Kg3 Bd6 38. Rd1 Rd8 39. Qc2 Nf4 40. Bxf4 exf4+ 41. Kg2 Be5 42. Nd4 Qb6 43. Nxe6 Rxd1 44. Ng5+ hxg5 45. Qxd1 Qd6 46. Qc2 Ke6 47. Kf2 Qb6+ 48. Ke2 Qe3+ 49. Kd1 Qxf3+ 50. Kc1 Qxc3 0-1

[Event "SLO-ch U18"]
[Site "Postojna"]
[Date "2008.02.25"]
[Round "2"]
[White "Starc, Enej"]
[Black "Vrban, Rok"]
[Result "0-1"]
[WhiteElo "1828"]
[BlackElo "1934"]
[PlyCount "56"]
[EventDate "2008.02.24"]
[EventType "swiss"]
[EventRounds "9"]
[EventCountry "SLO"]
[SourceTitle "EXT 2010"]
[Source "ChessBase"]
[SourceDate "2010.11.25"]
[SourceVersion "1"]
[SourceVersionDate "2010.11.25"]
[SourceQuality "1"]

1. e4 e5 2. Nf3 Nc6 3. Bb5 a6 4. Ba4 Nf6 5. 0-0 b5 6. Bb3 Bc5 7. d3 d6 8. c3 0-0 9. h3 h6 10. Re1 Bb7 11. Nbd2 Re8 12. Nf1 a5 13. a3 Bb6 14. Ne3 Ne7 15. a4 c6 16. Nh4 d5 17. exd5 Nexd5 18. Nhf5 Nf4 19. Bc2 Qd7 20. d4 exd4 21. cxd4 Rad8 22. axb5 cxb5 23. f3 h5 24. Bd2 g6 25. Ng3 Qxd4 26. Ngf1 N6d5 27. Kh1 b4 28. Nxd5 Qg1# 0-1

[Event "SLO-ch U18"]
[Site "Postojna"]
[Date "2008.02.24"]
[Round "1"]
[White "Krivec, Sandi"]
[Black "Starc, Enej"]
[Result "1-0"]
[WhiteElo "2033"]
[BlackElo "1828"]
[PlyCount "159"]
[EventDate "2008.02.24"]
[EventType "swiss"]
[EventRounds "9"]
[EventCountry "SLO"]
[SourceTitle "EXT 2010"]
[Source "ChessBase"]
[SourceDate "2010.11.25"]
[SourceVersion "1"]
[SourceVersionDate "2010.11.25"]
[SourceQuality "1"]

1. d4 d5 2. Nf3 Nf6 3. c4 e6 4. Nc3 Nbd7 5. Bg5 c6 6. cxd5 exd5 7. Qc2 Be7 8. e3 0-0 9. Bd3 Re8 10. 0-0 Nf8 11. Rab1 a5 12. a3 Ne4 13. Bf4 Nxc3 14. Qxc3 a4 15. Ra1 Bd6 16. Bxd6 Qxd6 17. Bc2 Be6 18. Rfc1 Red8 19. Qb4 Qxb4 20. axb4 b5 21. Bd3 Bd7 22. Ne5 Ra6 23. Ra3 Be8 24. Bf5 Ng6 25. Bxg6 hxg6 26. Rac3 Rd6 27. Nd3 Ra7 28. Ra3 Rd8 29. f3 f6 30. Kf2 Kf7 31. Rca1 Rc7 32. b3 axb3 33. Rxb3 Ke7 34. Rba3 Bd7 35. Ra7 Rdc8 36. Nc5 Be8 37. R7a5 Rd8 38. Nd3 Bf7 39. Rc1 Rdc8 40. Ra6 Be8 41. Nc5 Rd8 42. Nb3 Kf7 43. Na5 Rdc8 44. Rc5 Ke7 45. Nb3 Bf7 46. Rc1 Kd6 47. Rca1 Ke7 48. Ra7 Kd8 49. R1a6 Rxa7 50. Rxa7 Rc7 51. Ra6 Rc8 52. h4 Rc7 53. Nc5 Ke7 54. Ra8 Be8 55. g4 Bd7 56. Kg3 Be8 57. Nd3 Bd7 58. Nf4 Be8 59. h5 g5 60. Nd3 Kf7 61. Nc5 Re7 62. Kf2 Rc7 63. Nb3 Ke7 64. Na5 Kf7 65. Ra6 Ke7 66. Rb6 Kf7 67. Kg3 Ke7 68. f4 gxf4+ 69. exf4 Ke6 70. Rb7 Rxb7 71. Nxb7 Ke7 72. Kh4 Kf8 73. g5 fxg5+ 74. Kxg5 Ke7 75. f5 Bd7 76. Nc5 Bc8 77. Kg6 Kf8 78. Ne6+ Bxe6 79. fxe6 c5 80. dxc5 1-0

[Event "Portoroz op 9th"]
[Site "Portoroz"]
[Date "2007.09.29"]
[Round "4"]
[White "Starc, Enej"]
[Black "Kukovec, Borut"]
[Result "1/2-1/2"]
[WhiteElo "1793"]
[BlackElo "2223"]
[PlyCount "153"]
[EventDate "2007.09.28"]
[EventType "swiss"]
[EventRounds "7"]
[EventCountry "SLO"]
[SourceTitle "CBM 120 Extra"]
[Source "ChessBase"]
[SourceDate "2007.11.01"]
[SourceVersion "1"]
[SourceVersionDate "2007.11.01"]
[SourceQuality "1"]

1. e4 c5 2. Nf3 Nc6 3. d4 cxd4 4. Nxd4 Qc7 5. Nc3 e6 6. Be2 a6 7. 0-0 Nf6 8. Be3 Bb4 9. Na4 Be7 10. Nxc6 bxc6 11. Nb6 Rb8 12. Nxc8 Qxc8 13. e5 Nd5 14. Bc1 Bc5 15. c4 Ne7 16. Kh1 Qc7 17. f4 h5 18. Bd3 g6 19. Qe2 Qb6 20. Rb1 a5 21. Rf3 h4 22. Be3 Bxe3 23. Qxe3 Qxe3 24. Rxe3 Nc8 25. Be4 Nb6 26. b3 f5 27. Bc2 Ke7 28. Rd3 g5 29. fxg5 Rbg8 30. Rf1 Rxg5 31. Rf4 Rhg8 32. Rd2 Rg4 33. Rf1 R8g5 34. Re1 h3 35. g3 a4 36. Kg1 a3 37. Kf2 f4 38. Rd3 Rg8 39. Bd1 fxg3+ 40. hxg3 R4g5 41. g4 Rh8 42. Rde3 Nc8 43. Kg3 Rg7 44. Kh2 Rgh7 45. c5 Na7 46. Be2 Rh4 47. Rg1 Nb5 48. Bxb5 cxb5 49. b4 Rg8 50. Re4 Rg5 51. Kg3 Rh7 52. Rh1 Rf7 53. Rxh3 Rf8 54. Rh1 Rfg8 55. Rf1 Rh8 56. Rf3 Ra8 57. Kh4 Rg7 58. Ree3 Rag8 59. Rf4 Rh8+ 60. Kg3 Ra8 61. Rd3 Rg5 62. Re4 Rg7 63. Rd2 Rh8 64. Rh2 Rf8 65. Rf4 Rfg8 66. Rh5 Kd8 67. Kh4 Kc7 68. g5 Kc6 69. Rd4 Rf8 70. Kg3 Rf5 71. Rd3 Rxe5 72. Kf4 Rf5+ 73. Kg4 Re5 74. Kf4 Rf5+ 75. Kg4 Re5 76. Kf4 Rf5+ 77. Kg4 1/2-1/2